Carta del Santo padre Juan Pablo II a los artistas
Uloženo v:
| Médium: | Kniha |
|---|---|
| Jazyk: | španělština |
| Vydáno: |
Santiago
San Pablo
1999
|
| Témata: | |
| Tagy: |
Přidat tag
Žádné tagy, Buďte první, kdo vytvoří štítek k tomuto záznamu!
|
MARC
| LEADER | 00000nam a2200000 a 4500 | ||
|---|---|---|---|
| 001 | UCL3522 | ||
| 003 | CL-VaPUC | ||
| 008 | 031128e19990000CL |||||||||||||||||spa|d | ||
| 082 | 0 | 4 | |a 262.91 |b CAR |2 21 |
| 245 | 1 | 0 | |a Carta del Santo padre Juan Pablo II a los artistas |
| 300 | |a 41 p | ||
| 942 | |c BK | ||
| 945 | |d 20031128 00:00:00 |a cmena | ||
| 260 | |a Santiago |b San Pablo |c 1999 | ||
| 600 | 0 | |a Juan Pablo II |9 309920 | |
| 650 | 0 | |a Documentos pontificios |9 255642 | |
| 650 | 0 | |a Creación artística |9 266215 | |
| 650 | 0 | |a Cristianismo |9 257361 | |
| 650 | 0 | |a Arte cristiano |9 265204 | |
| 583 | |a last modification |c 20031128 00:00:00 |k Rodrigo Vera | ||
| 999 | |c 306552 |d 306550 | ||
| 952 | |0 0 |1 0 |4 0 |6 262_910000000000000_CAR_1999 |7 0 |8 A |9 371610 |a BIBTEO |b BIBTEO |d 2019-11-21 |i 3969614 |o 262.91 CAR 1999 |p 3969614 |r 2025-01-17 |w 2019-11-21 |y BK |k ICR | ||
| 952 | |0 0 |1 0 |4 0 |6 262_910000000000000_CAR_1999 |7 0 |8 A |9 371611 |a BIBTEO |b BIBTEO |d 2019-11-21 |i 3969622 |o 262.91 CAR 1999 |p 3969622 |r 2025-01-17 |w 2019-11-21 |y BK |k ICR | ||